|
|
|
|
| LEADER |
00000nam2a2200000 4500 |
| 001 |
531818 |
| 005 |
20231101112753.0 |
| 035 |
|
|
|a (RuTPU)RU\TPU\prd\218322
|
| 035 |
|
|
|a RU\TPU\prd\218320
|
| 090 |
|
|
|a 531818
|
| 100 |
|
|
|a 20140418b1948 k y0rusy50 ca
|
| 101 |
0 |
|
|a rus
|
| 102 |
|
|
|a RU
|
| 200 |
0 |
|
|a Вып. 6 : Теория элементарных частиц опыты с быстрыми частицами
|
| 210 |
|
|
|d 1948
|
| 316 |
|
|
|5 63413507: КР-6177
|a На титульном листе владельческая подпись: "А. Воробьев Томск 21.6.48"
|
| 317 |
|
|
|5 63413507: КР-6177
|a Поступила в НТБ в 1987 г. в дар от вдовы ученого Е. К. Завадовской
|
| 461 |
|
1 |
|0 (RuTPU)RU\TPU\prd\920
|t Проблемы современной физики
|o сборник сокращенных переводов и рефератов иностранной периодической литературы
|v Вып. 6 : Теория элементарных частиц опыты с быстрыми частицами
|d 1948, 1950-1959
|
| 517 |
1 |
|
|a Научно-реферативный сборник. Иностранная периодическая литература по некоторым вопросам современной физики
|
| 610 |
1 |
|
|a библиотека А. А. Воробьева
|
| 610 |
1 |
|
|a дары библиотеке
|
| 801 |
|
0 |
|a RU
|b 63413507
|c 20010227
|g PSBO
|
| 801 |
|
1 |
|a RU
|b 63413507
|c 20140418
|
| 801 |
|
2 |
|a RU
|b 63413507
|c 20190515
|g RCR
|
| 942 |
|
|
|c BK
|
| 999 |
|
|
|a НТБ_ТПУ
|b НФ
|e -4/20140109
|p П-5683
|u 0,00
|v 1
|x 6089
|
| 999 |
|
|
|a НТБ_ТПУ
|b РФ
|e -7/20190109
|h Воробьев
|p КР-6177
|u 0,00
|v 1
|y 13821000807386
|